000 01729nam0a2200349 4500
001 RU\NLR\BIBL_A\011939074
005 20190228110503.0
010 _a978-5-4446-1170-8
_9100
021 _aRU
_bКН-П-19-0065
_9КН-П-19-000918
035 _a(NLR Aleph) 011939074
035 _a(RuMoRGB)009861768
090 _a11081495
_c11081495
100 _a20190215d2018 u y0rusy50 ca
101 0 _arus
_aspa
102 _aRU
105 _ay|||j|||000zy
200 1 _aЧастотные испанские глаголы и их употребление в различных значениях
_dLos verbos españoles más usados y su empleo en distintas acepciones
_eметодическое пособие в помощь изучающим испанский язык
_fС.А. Белоусова
_zspa
210 _aВоронеж
_cНаучная книга
_d2018
215 _a104 с.
_d21
300 _aАвт. также на исп. яз.: S.A. Belousova
320 _aБиблиогр.: с. 101 (10 назв.)
510 1 _6z92790
_aLos verbos españoles más usados y su empleo en distintas acepciones
_zspa
606 1 _aИспанский язык
_xГлагол
_jМетодические пособия
_2nlr_sh2
_3RU\NLR\AUTH\66491726
610 0 _aчастотные испанские глаголы
686 1 _aШ147.21-93рус-212.6
700 1 _aБелоусова
_bС. А.
_cфилолог
_gСветлана Александровна
_3RU\NLR\AUTH\770154677
790 1 _6z92510
_aBelousova
_bS. A.
_cфилолог
_gSvetlana Aleksandrovna
_3RU\NLR\AUTH\770154678
942 _cBOOK
980 _aNBR
980 _aNB